000 00664nam a2200241 i 4500
001 C2-0236396
003 PPAK
005 20180727200210.0
008 011004s1958 xxka|||| ||||| | eng d
040 _aPPAK
_beng
_cPPAK
_erda
082 0 4 _a599.9
_223
090 0 0 _a599.9
_bHAR
_dKSI
100 1 _aHarrison, R. J.,
_eauthor
245 1 0 _aMan the peculiar animal
264 1 _a[Harmonsworth, Middlesex] :
_bPenguin Books ,
_c1958
300 _a307 pages :
_billustrations ;
_c19 cm
336 _2rdacontent
_atext
337 _2rdamedia
_aunmediated
338 _2rdacarrier
_avolume
500 _aIncludes index
650 1 0 _aHuman beings
942 _ddc
_cB
999 _c52216
_d52216